000 01211nam0a2200289 4500
001 RU\NLR\bibl\1858818
005 20250616182003.0
010 _a978-5-7289-0277-5
_9500
021 _aRU
_b2011-102500
_97333
035 _a(NLR Aleph) 001848734
090 _a2372384
_c2372384
100 _a20120120d2010 |||y0rusy50 ca
101 0 _arus
102 _aRU
105 _aach |||||||||
200 1 _aИ так бывает
_eпьесы
_fБилял Аппаев
210 _aЧеркесск
_cКарачаево-Черкесское республиканское кн. изд-во
_d2010
215 _a398, [2] с.
_cил., факс., портр.
_d21
327 1 _aСодерж.: Клятва не жениться; Дороже жизни; Как похищают красавиц; Амулет; Невеста отца; Отверженный; И на болоте растут цветы; Злосчастная квартира
686 _aШ6(2=Кара)7-6{Лх-карачаев.325-105}
700 1 _aАппаев
_bБ. Д.
_gБилял Добаевич
_4070
801 0 _aRU
_bNLR
_c20120120
_gRCR
801 1 _aRU
_bNLR
_c20120120
942 _cBOOK
980 _aNB
980 _aNBR